[Event "Salut Partrick"]
[Site "http://www.queenalice.com/game.php?id=971818"]
[Date "2011.8.12"]
[Round "-"]
[White "Tchecmaurice"]
[Black "Kapoueee"]
[Result "0-1"]
[WhiteElo "2037"]
[BlackElo "1451"]

1. e4 e5 2. f4 exf4 3. Nf3 g5 4. Bc4 Bg7 5. O-O Nc6 6. c3 d6 7. d4 h6 8. Qe1 Be6
9. d5 Na5 10. dxe6 Nxc4 11. exf7+ Kxf7 12. Qe2 b5 13. b3 Ne5 14. Nxe5+ Bxe5 15.
h4 a6 16. Bb2 Nf6 17. Nd2 g4 18. Rab1 Rg8 19. c4 Nh5 20. Qf2 Ng3 21. Rfd1 Qxh4
22. Qxg3 fxg3 23. Rf1+ Kg6 24. Rf5 Rgf8 25. Bxe5 dxe5 0-1

[Event "Tu arrives à pied par la chine "]
[Site "http://www.queenalice.com/game.php?id=973715"]
[Date "2011.8.17"]
[Round "-"]
[White "Kapoueee"]
[Black "Tchecmaurice"]
[Result "0-1"]
[WhiteElo "1464"]
[BlackElo "2037"]

1. e4 c5 2. Nc3 Nc6 3. g3 Nf6 4. Bg2 e5 5. Nf3 Be7 6. Nd5 O-O 7. c4 Nxe4 8. O-O
Nf6 9. Nxf6+ Bxf6 10. b3 d6 11. Rb1 Bg4 12. Qe1 e4 13. Qxe4 Qd7 14. Qc2 Bh3 15.
d4 Bxg2 16. Kxg2 Bxd4 17. h4 Be5 18. Ng5 g6 19. f4 Nd4 20. Qd1 Qf5 21. fxe5 Qxb1
22. h5 Qxa2+ 23. Rf2 Qxb3 24. Qh1 Qd3 25. hxg6 Qxg6 26. Qh4 dxe5 27. Ne4 f5 28.
Nc3 f4 29. g4 Rf5 30. Nd5 Rf7 31. Ba3 Qe4+ 32. Kh3 Qd3+ 33. Kh2 Nf3+ 34. Rxf3
Qxf3 35. Ne7+ Kf8 36. Bxc5 Qg3+ 37. Kh1 Qxh4+ 38. Kg2 f3+ 39. Kf1 Qh3+ 40. Kf2
Qg2+ 41. Ke1 Qe2# 0-1

[Event "Cabine treize"]
[Site "http://www.queenalice.com/game.php?id=977492"]
[Date "2011.8.27"]
[Round "-"]
[White "Kapoueee"]
[Black "Tchecmaurice"]
[Result "0-1"]
[WhiteElo "1464"]
[BlackElo "2039"]

1. Nf3 Nf6 2. d4 e6 3. c4 d5 4. c5 b6 5. b4 Ba6 6. a4 bxc5 7. dxc5 Nbd7 8. Nc3
c6 9. Qd4 Be7 10. e4 Bxf1 11. Rxf1 O-O 12. Ba3 a5 13. b5 cxb5 14. axb5 dxe4 15.
Nxe4 Nxe4 16. Qxe4 Nxc5 17. Qe5 Nd3+ 18. Ke2 Nxe5 19. Nxe5 Bxa3 20. Rxa3 Qd6 21.
Re3 Rfd8 22. Nc4 Qb4 23. Nb6 Qxb5+ 0-1

[Event "Challenge"]
[Site "http://www.queenalice.com/game.php?id=978549"]
[Date "2011.8.29"]
[Round "-"]
[White "jjjcarvalho"]
[Black "Tchecmaurice"]
[Result "0-1"]
[WhiteElo "1659"]
[BlackElo "2045"]

1. e4 e6 2. Nf3 d5 3. exd5 exd5 4. d4 Nf6 5. Bg5 c5 6. Qe2+ Be6 7. Bxf6 Qxf6 8.
c3 Nc6 9. dxc5 Bxc5 10. Nbd2 O-O 11. h3 Rfe8 12. O-O-O d4 13. cxd4 Nxd4 14. Nxd4
Bxd4 15. Nb1 Rac8+ 16. Kd2 Bxb2 17. Ke1 Bc4 18. Rd2 Bxe2 19. Bxe2 Rc1+ 20. Rd1
Qe5 21. Kf1 Qxe2+ 22. Kg1 Rxd1+ 23. Kh2 Be5+ 24. f4 Bxf4# 0-1

[Event "Ta mine m'inspire de la pitié"]
[Site "http://www.queenalice.com/game.php?id=979426"]
[Date "2011.8.31"]
[Round "-"]
[White "Tchecmaurice"]
[Black "Kapoueee"]
[Result "1-0"]
[WhiteElo "2041"]
[BlackElo "1464"]

1. d4 Nf6 2. Nc3 g6 3. e4 d5 4. e5 Nfd7 5. Bg5 f6 6. exf6 exf6 7. Bf4 f5 8. Nxd5
g5 9. Nxc7+ Kf7 10. Qh5+ Kg8 11. Bc4+ Kg7 12. Ne6+ Kf6 13. Bxg5# 1-0

[Event "popopopocatepetl"]
[Site "http://www.queenalice.com/game.php?id=980103"]
[Date "2011.9.2"]
[Round "-"]
[White "Kapoueee"]
[Black "Tchecmaurice"]
[Result "0-1"]
[WhiteElo "1462"]
[BlackElo "2043"]

1. e4 c5 2. Nf3 Nc6 3. Nc3 d6 4. d4 cxd4 5. Nxd4 e5 6. Nf3 Be7 7. Bc4 f5 8. exf5
Bxf5 9. O-O Nf6 10. a3 a6 11. b4 b5 12. Bb3 Bg4 13. Ne2 Bxf3 14. gxf3 d5 15. c3
O-O 16. Ng3 Kh8 17. f4 Bd6 18. Bxd5 Nxd5 19. Qxd5 Ne7 20. Qe4 exf4 21. Ne2 Ng6
22. Nd4 Re8 23. Ne6 Qf6 24. Re1 Nf8 25. Qc6 Rad8 26. Bxf4 Rxe6 27. Rxe6 Qxe6 28.
Bg5 Qg4+ 29. Kf1 Qxg5 30. Qxa6 Re8 31. Qxd6 Qh4 32. Re1 Qh3+ 0-1

[Event "chatatamair"]
[Site "http://www.queenalice.com/game.php?id=984981"]
[Date "2011.9.14"]
[Round "-"]
[White "Tchecmaurice"]
[Black "Kapoueee"]
[Result "1/2-1/2"]
[WhiteElo "2049"]
[BlackElo "1466"]

1. b4 e5 2. Bb2 Bxb4 3. Bxe5 Nf6 4. Nf3 O-O 5. c3 Ba5 6. d4 Nc6 7. Qc2 d6 8. Bg3
Ne7 9. Nbd2 Bf5 10. Qb2 c5 11. e3 Ned5 12. Rc1 Nh5 13. Bh4 Qb6 14. Qxb6 axb6 15.
e4 Rfe8 16. Bd3 Nxc3 17. O-O Bxe4 18. Nxe4 Nxe4 19. Bb5 Re6 20. Bd7 Rh6 21. Bf5
d5 22. dxc5 bxc5 23. Rfd1 Nf4 24. Rc2 Rc6 25. Ne5 Rc7 26. Bxe4 Ne2+ 27. Kf1 Nf4
28. Kg1 dxe4 29. Rd8+ Rxd8 30. Bxd8 Rc8 31. Bxa5 Nd5 32. Kf1 b6 33. Bd2 Re8 34.
Nd7 f5 35. Rb2 Re6 36. Bg5 c4 37. Rb5 Rd6 38. Ne5 Nc3 39. g3 Nxb5 40. Nxc4 Rc6
41. Ne3 Rc5 42. Bd8 Nc7 43. Bxc7 Rxc7 44. Nxf5 Rd7 45. Ke2 Ra7 46. Ke3 Rxa2 47.
Nd6 Rc2 48. Nxe4 b5 49. Kd3 Rc7 50. Nd2 g6 51. Ne4 b4 52. Nf6+ Kf7 53. Nd5 Rb7
54. Kc2 Ke6 55. Nf4+ Kd6 56. Nd3 Kd5 57. Kb3 Ke4 58. Nc5+ Kf3 59. Nxb7 Kxf2 60.
Nc5 Kg2 61. Ne4 h5 62. Kxb4 Kxh2 63. Kc4 1/2-1/2

[Event "Challenge"]
[Site "http://www.queenalice.com/game.php?id=1004927"]
[Date "2011.11.4"]
[Round "-"]
[White "Emre_Dost"]
[Black "Tchecmaurice"]
[Result "1-0"]
[WhiteElo "2225"]
[BlackElo "2049"]

1. c4 g6 2. d4 Bg7 3. Nc3 Nf6 4. e4 d6 5. Nf3 O-O 6. Bd3 Nbd7 7. O-O c5 8. d5 e6
9. h3 exd5 10. exd5 Ne5 11. Nxe5 dxe5 12. Bg5 a6 13. Qd2 Qd6 14. Rae1 Nd7 15.
Ne4 Qc7 16. Be7 Re8 17. d6 Qc6 18. Nc3 Nb6 19. Be4 Qd7 20. Rd1 Nxc4 21. Qc2 Nb6
22. Qb3 Rxe7 23. dxe7 Qxe7 24. Qxb6 Be6 25. Qxb7 1-0

[Event "Challenge"]
[Site "http://www.queenalice.com/game.php?id=1006519"]
[Date "2011.11.8"]
[Round "-"]
[White "Tchecmaurice"]
[Black "juanzv"]
[Result "0-1"]
[WhiteElo "2037"]
[BlackElo "2068"]

1. f4 d5 2. e3 Bf5 3. Nf3 a6 4. c4 e6 5. d4 Nf6 6. Nc3 Nc6 7. Bd3 dxc4 8. Bxc4
Nb4 9. O-O Nbd5 10. Qe2 Nxc3 11. bxc3 Bd6 12. Ne5 Qe7 13. a4 O-O 14. Bd3 Bxd3
15. Qxd3 Rfe8 16. c4 c5 17. Ba3 cxd4 18. exd4 Bxa3 19. Rxa3 Nd7 20. Rf3 Nxe5 21.
fxe5 Red8 22. Rh3 g6 23. Qe3 Qf8 24. Rh6 Rxd4 25. Qh3 Rad8 26. Re3 Rd1+ 27. Kf2
R8d2+ 0-1

[Event "Chlagafouette"]
[Site "http://www.queenalice.com/game.php?id=1019923"]
[Date "2012.1.30"]
[Round "-"]
[White "Kapoueee"]
[Black "Tchecmaurice"]
[Result "1-0"]
[WhiteElo "1489"]
[BlackElo "2029"]

1. d4 d5 2. g3 c5 3. Nf3 cxd4 4. Bg2 Nc6 5. Nxd4 e5 6. Nxc6 bxc6 7. c4 Be6 8.
Nc3 Nf6 9. Qa4 Qd7 10. Bg5 e4 11. O-O Be7 12. Rad1 O-O 13. cxd5 Nxd5 14. Nxd5
Bxd5 15. Rxd5 Qxd5 16. Bxe7 Rfc8 17. Bxe4 Qe5 18. Ba3 Qc7 19. Qc2 h6 20. Rc1
Rab8 21. Bxc6 Rb6 22. Be4 Qxc2 23. Rxc2 Rxc2 24. Bxc2 Rc6 25. Be4 Rc1+ 26. Kg2
f6 27. b4 Rc3 28. Bb2 Rc8 29. e3 Kf7 30. f4 Ke6 31. f5+ Kd6 32. Bd4 Rc4 33. Bc5+
Ke5 34. Kf3 Rxe4 35. g4 Rc4 36. Bf8 h5 37. h3 hxg4+ 38. hxg4 a6 39. Bxg7 Rxb4
40. g5 Kxf5 41. gxf6 Kg6 42. e4 Ra4 43. Kf4 Rxa2 44. Ke5 Kf7 45. Kd5 a5 46. e5
Re2 47. Bh6 a4 48. Bc1 Rc2 49. Ba3 Ra2 50. Be7 a3 51. e6+ Ke8 52. Bc5 Rd2+ 53.
Kc6 Rc2 54. f7+ 1-0

[Event "Challenge"]
[Site "http://www.queenalice.com/game.php?id=1027573"]
[Date "2012.2.7"]
[Round "-"]
[White "aquatico"]
[Black "Tchecmaurice"]
[Result "1/2-1/2"]
[WhiteElo "1843"]
[BlackElo "2037"]

1. g4 d5 2. Bg2 Bxg4 3. c4 e6 4. cxd5 exd5 5. Qb3 Bc8 6. Bxd5 Qf6 7. Bxb7 Bc5 8.
d4 Bxd4 9. Nf3 Be6 10. Bg5 Qxg5 11. Qxe6+ fxe6 12. Nxg5 Bxb2 13. Bxa8 Ke7 14. a4
Bxa1 15. a5 Nf6 16. f3 Rd8 17. Bb7 Nbd7 18. Rg1 g6 19. Na3 Nc5 20. Be4 Bc3+ 21.
Kf1 Rd1+ 22. Kg2 Rxg1+ 23. Kxg1 Bxa5 24. Bc2 Bb6 25. Kg2 h6 26. Nh3 g5 27. Kg3
e5 28. Nf2 Nb7 29. Ng4 Nxg4 30. Kxg4 Kf6 31. Kh5 Kg7 32. Nc4 Bd4 33. Kg4 Nd6 34.
Nxd6 cxd6 35. Kf5 a5 36. h3 Kf7 37. Bb3+ Kg7 38. Ke6 Bc5 39. Bc2 h5 40. Kf5 Kh6
41. Bb3 Be3 42. Ke4 Bf4 43. Kd5 g4 44. fxg4 hxg4 45. hxg4 Kg5 46. Kxd6 Kxg4 47.
Kd5 Kg3 48. Ke4 Kf2 49. e3 Bg3 50. Ba4 Ke2 51. Bb5+ Kd2 52. Kf3 Bh2 53. Kg2 Kxe3
54. Kxh2 Kf2 55. Bc6 Ke3 56. Kg2 e4 57. Kf1 Kd4 58. Ke2 e3 59. Ba4 1/2-1/2

[Event "Challenge"]
[Site "http://www.queenalice.com/game.php?id=1033735"]
[Date "2012.2.27"]
[Round "-"]
[White "plot24"]
[Black "Tchecmaurice"]
[Result "0-1"]
[WhiteElo "1796"]
[BlackElo "1999"]

1. e4 c5 2. f4 d5 3. exd5 Nf6 4. Nc3 e6 5. Nf3 Nxd5 6. Be2 Nxf4 7. O-O Nc6 8. d3
Bd6 9. Ne4 Nxe2+ 10. Qxe2 Bc7 11. Nxc5 Bb6 12. Be3 Qe7 13. Qf2 O-O 14. c3 e5 15.
a4 Bf5 16. b4 Rfd8 17. Rad1 Bg6 18. Ne4 Bxe4 19. dxe4 Bxe3 20. Qxe3 f6 21. a5
Qe6 22. Nh4 Qb3 23. Nf5 Rxd1 24. Rxd1 Qxd1+ 0-1

[Event "Dup dup dup dududup dup dup"]
[Site "http://www.queenalice.com/game.php?id=1035812"]
[Date "2012.3.4"]
[Round "-"]
[White "Tchecmaurice"]
[Black "Kapoueee"]
[Result "1/2-1/2"]
[WhiteElo "2011"]
[BlackElo "1545"]

1. e4 e6 2. d4 d5 3. e5 c5 4. c3 Nc6 5. Nf3 Bd7 6. Be2 Qb6 7. O-O Nge7 8. b3
cxd4 9. cxd4 Nf5 10. Bb2 Be7 11. g4 Nh4 12. Nbd2 O-O 13. Kh1 Qa5 14. Nxh4 Bxh4
15. Nf3 Be7 16. a3 a6 17. b4 Qc7 18. h4 b5 19. Rc1 Qd8 20. g5 f6 21. gxf6 gxf6
22. Qd2 Kh8 23. Rg1 Rg8 24. Bd3 Rxg1+ 25. Rxg1 Bf8 26. Qf4 f5 27. Qg3 Ne7 28.
Bc1 h6 29. Be2 Qe8 30. Ne1 Qf7 31. Nd3 Qg7 32. Bh5 Qxg3 33. Rxg3 Be8 34. Bxe8
Rxe8 35. Bb2 Nc6 36. Nf4 Ne7 37. Nxe6 Kh7 38. Nc5 Ra8 39. Kg2 Ng6 40. Kh3 Nf4+
41. Kh2 Ng6 42. h5 Nf4 43. Rf3 Nxh5 44. Rxf5 Kg6 45. Rf3 Be7 46. Kh3 Bg5 47. Kg4
Ng7 48. Rh3 h5+ 49. Kg3 h4+ 50. Kg4 Nh5 51. Rh2 Rf8 52. Nxa6 Rf4+ 53. Kh3 Rf3+
54. Kg4 Rb3 55. f3 Nf4 56. Nc5 Re3 57. Bc1 Re1 58. Bxf4 Rg1+ 59. Kh3 Kh5 60. Rg2
Rh1+ 61. Bh2 Bf4 62. e6 Bxh2 63. Rxh2 Rg1 64. Rg2 Rh1+ 1/2-1/2

[Event "Challenge"]
[Site "http://www.queenalice.com/game.php?id=1041270"]
[Date "2012.3.21"]
[Round "-"]
[White "Tchecmaurice"]
[Black "plot24"]
[Result "1-0"]
[WhiteElo "2007"]
[BlackElo "1874"]

1. d4 d5 2. Nc3 e6 3. Nf3 Nf6 4. Bg5 Be7 5. Bxf6 Bxf6 6. e4 O-O 7. e5 Be7 8. Bd3
c5 9. Ne2 c4 10. Bxh7+ Kxh7 11. Ng3 Nd7 12. Qd2 Rh8 13. h4 g6 14. Ng5+ Kg7 15.
O-O-O b5 16. f4 b4 17. h5 Bb7 18. hxg6 fxg6 19. Nxe6+ 1-0

[Event "Challenge"]
[Site "http://www.queenalice.com/game.php?id=1043297"]
[Date "2012.3.27"]
[Round "-"]
[White "Tchecmaurice"]
[Black "Nilanguenivert"]
[Result "1-0"]
[WhiteElo "2001"]
[BlackElo "1855"]

1. d4 d5 2. c4 c6 3. Nc3 e6 4. Nf3 Nf6 5. Bg5 Nbd7 6. e3 b6 7. cxd5 cxd5 8. Bb5
Bb4 9. Ne5 O-O 10. Nxd7 Bxd7 11. Bxf6 gxf6 12. Bd3 f5 13. O-O Qg5 14. Ne2 Bd6
15. Ng3 Kh8 16. f4 Qg6 17. Nh5 f6 18. Qf3 Be8 19. Be2 Rg8 20. Qh3 Qh6 21. Kh1
Bd7 22. Qh4 e5 23. Qxf6+ Qxf6 24. Nxf6 Rg7 25. dxe5 Bc5 26. Nxd5 Bc6 27. Bc4
Rag8 28. Rf2 Rd8 29. Rd1 Rgd7 30. Rfd2 b5 31. Bb3 Bxe3 32. Rd3 Bc5 33. a3 a5 34.
Ba2 Rg7 35. h3 Rdg8 36. R1d2 Rd8 37. Kh2 Rgd7 38. g3 h5 39. e6 Rg7 40. Nf6 Rxd3
41. Rxd3 Bb6 42. Rd6 Rc7 43. e7 Rxe7 44. Rxc6 Re2+ 45. Kh1 1-0

[Event "Challenge"]
[Site "http://www.queenalice.com/game.php?id=1043298"]
[Date "2012.3.27"]
[Round "-"]
[White "Nilanguenivert"]
[Black "Tchecmaurice"]
[Result "1-0"]
[WhiteElo "1901"]
[BlackElo "2018"]

1. f4 d5 2. Nf3 c5 3. e3 Nc6 4. Bb5 Bd7 5. Bxc6 Bxc6 6. b3 Nf6 7. Bb2 e6 8. O-O
Bd6 9. d3 O-O 10. Nbd2 Qc7 11. Ne5 Bxe5 12. Bxe5 Qe7 13. Rf2 Nd7 14. Bb2 f6 15.
Qe2 e5 16. Raf1 d4 17. exd4 cxd4 18. Bxd4 Qa3 19. Nc4 Qb4 20. c3 Qb5 21. fxe5
fxe5 22. Nxe5 Rfe8 23. Nxd7 Bxd7 24. Qf3 Qg5 25. b4 Bc6 26. Qf7+ Kh8 27. Qf8+
1-0

[Event "How much is the chess"]
[Site "http://www.queenalice.com/game.php?id=1057469"]
[Date "2012.5.8"]
[Round "-"]
[White "Kapoueee"]
[Black "Tchecmaurice"]
[Result "0-1"]
[WhiteElo "1559"]
[BlackElo "1997"]

1. e4 c5 2. Nf3 Nc6 3. Bb5 d6 4. O-O Nf6 5. e5 dxe5 6. Nxe5 Bd7 7. Bxc6 Bxc6 8.
Nxc6 bxc6 9. Qf3 Qd5 10. Qxd5 cxd5 11. Nc3 e6 12. Nb5 Kd7 13. d4 a6 14. Nc3 cxd4
15. Ne2 e5 16. b3 Bb4 17. Bb2 Rac8 18. c4 dxc3 19. Bc1 Rc6 20. a3 Bd6 21. b4 Rb8
22. Bg5 Ne4 23. h4 Nxg5 24. hxg5 Be7 25. f4 f6 26. gxf6 gxf6 27. Rfc1 d4 28.
Rab1 Ke6 29. Re1 Kd5 30. fxe5 fxe5 31. Rbc1 Bg5 32. Rb1 c2 33. Ra1 d3 0-1